Código Orgánico de Tribunales: edición oficial, aprobada por Decreto N§ 270, de 19 de marzo de 1998, del Ministerio de Justicia

Uloženo v:
Podrobná bibliografie
Médium: Kniha
Jazyk:španělština
Vydáno: Santiago Jurídica de Chile 1998
Vydání:16a. ed
Témata:
Tagy: Přidat tag
Žádné tagy, Buďte první, kdo vytvoří štítek k tomuto záznamu!

MARC

LEADER 00000nam a2200000 a 4500
001 UCR9110
003 CL-VaPUC
008 980613e19980000CL |||||||||||||||||spa|d
082 0 4 |a 347.8301  |b COD  |2 21 
245 1 0 |a Código Orgánico de Tribunales: edición oficial, aprobada por Decreto N§ 270, de 19 de marzo de 1998, del Ministerio de Justicia 
250 |a 16a. ed 
300 |a 414 p 
942 |c BK 
945 |d 19980613 00:00:00  |a aalvarez 
260 |a Santiago  |b Jurídica de Chile  |c 1998 
500 |a Apéndice actualizado a abril de 1998 
650 0 |a Código orgánico de tribunales  |9 256731 
650 0 |a Poder judicial  |9 254871 
650 0 |a Tribunales  |9 254872 
651 7 |a CHILE  |2 CL-VaPUC  |9 411316 
583 |a last modification  |c 20111014 11:19:24  |k Rodrigo Vera 
999 |c 270344  |d 270342 
952 |0 0  |1 0  |2 ddc  |4 0  |6 347_830100000000000_COD_1998  |7 0  |8 FOND_LRYV  |9 304596  |a BIBDER  |b BIBDER  |d 2019-11-20  |i 3436721  |o 347.8301 COD 1998  |p 3436721  |r 2023-01-25  |w 2019-11-20  |y BK_X  |k DER 
952 |0 0  |1 0  |2 ddc  |4 0  |6 347_830100000000000_COD_1998  |7 0  |8 FOND_LRYV  |9 304597  |a BIBDER  |b BIBDER  |d 2019-11-20  |i 343673K  |o 347.8301 COD 1998  |p 343673K  |r 2023-01-25  |w 2019-11-20  |y BK_X  |k DER